000 00419nam a2200169Ia 4500
008 230524s9999 xx 000 0 und d
020 _a8125918302
082 _a658.45
_bARO
100 _aM.N.arora
245 2 _aA Text Book of Cost And Management Accounting
250 _a8TH
260 _aNEW DELHI
_bVikas
_c2008
300 _aXIV;22.5
500 _aQuantity Number: 20
650 _aManagement
942 _cBK
999 _c43282
_d43282